Statistiques concernant Noms des services de transports en Communs

Cliquez ici pour prendre le quiz!

Statistiques générales

  • Ce quiz a été pris 88 fois
  • Le résultat moyen est 6 sur 30

Statistiques - réponses

VillesTransports% Correct
ParisRATP
99%
LyonTCL
49%
MarseilleRTM
44%
ToulouseTisséo
34%
NantesTan
32%
Lilleilévia
28%
BordeauxTBM
28%
GrenobleTAG
25%
StrasbourgCTS
22%
MontpellierTaM
22%
NiceLignes d'Azur
18%
RennesSTAR
18%
Saint-ÉtienneSTAS
16%
ToursFil Bleu
15%
DijonDivia
13%
ToulonRéseau Mistral
12%
AngersIrigo
10%
ReimsCitura
9%
Le HavreLiA
9%
Le MansSETRAM
9%
AnnecySIBRA
9%
NimesTANGO
9%
BesançonGinko
7%
PerpignanSankéo
7%
Clermont-FerrandT2C
7%
AmiensAmetis
6%
BrestBibus
6%
Saint-Denis (Réunion)Citalis
6%
Aix-en-ProvenceAix-en-Bus
4%
LimogesS.T.C.L.M
4%

Distribution des résultats

Percentile par nombre de réponses

% des personnes avec chaque résultat

Votre développement - résultats

Vous n’avez pas pris ce quiz